00325 a2200133 450000100060000002000150000604000240002124000430004524500380008830000070012636200090013344000180014265000310016069583 a8506036291 cAnchieta - Itaigara10aO mistério da quadrilha do lixolpor10aO mistério da quadrilha do lixo a640 a2005 1aMelhoramentos 4aLiteratura infanto-juvenil